All Dutch Eredivisie Managers Since 2000/01 - Statistics

General Stats
  • This quiz has been taken 107 times
    103 since last reset
  • The average score is 40 of 147
Answer Stats
Clubs Year Manager % Correct
AFC Ajax / FC Utrecht 2018-Current Erik ten Hag
93%
SC Heerenveen / FC Twente / PEC Zwolle / FC Groningen 2010-2012 Ron Jans
88%
PSV Eindhoven / Feyenoord / AZ Alkmaar / FC Utrecht / Sparta Rotterdam 2012-2013 Dick Advocaat
86%
AFC Ajax 2010-2016 Frank de Boer
86%
Feyenoord / AZ Alkmaar 2021-Current Arne Slot
81%
AFC Ajax / Vitesse / Heracles Almelo / De Graafschap 2016-2017 Peter Bosz
76%
FC Utrecht / RKC Waalwijk / Feyenoord 2011 Erwin Koeman
75%
RKC Waalwijk 2012-2014 Erwin Koeman
75%
PSV Eindhoven 2013-2018 Phillip Cocu
75%
Feyenoord / AFC Ajax / PSV Eindhoven / AZ Alkmaar / Vitesse 2011-2014 Ronald Koeman
75%
Vitesse 2009-2010 Theo Bos
75%
Feyenoord 2015-2019 Giovanni van Bronckhorst
72%
AZ Alkmaar 2005-2009 Louis van Gaal
69%
NEC Nijmegen 2013-2014 Anton Janssen
67%
SC Cambuur 2021-Current Henk de Jong
64%
AZ Alkmaar / SC Heerenveen / AFC Ajax 2014 Marco van Basten
64%
Feyenoord / PEC Zwolle 2019 Jaap Stam
61%
FC Utrecht 2018 Jean-Paul de Jong
61%
PSV Eindhoven 2018-2019 Mark van Bommel
61%
AZ Alkmaar 2020-2021 Pascal Jansen
61%
Vitesse / Sparta Rotterdam / ADO Den Haag 2016-2018 Henk Fraser
60%
PSV Eindhoven 2020-Current Roger Schmidt
60%
SC Heerenveen 2019-Current Johnny Jansen
58%
FC Twente 2013-2014 Michel Jansen
58%
AFC Ajax 2017 Marcel Keizer
56%
AFC Ajax / RKC Waalwijk 2009-2010 Martin Jol
54%
VVV Venlo / ADO Den Haag 2017-2019 Maurice Steijn
54%
PSV Eindhoven 2002-2006 Guus Hiddink
53%
PSV Eindhoven / Feyenoord / Vitesse / FC Twente 2009-2012 Fred Rutten
51%
FC Twente 2014-2015 Alfred Schreuder
49%
FC Groningen 2018-Current Danny Buijs
46%
FC Emmen 2018-2021 Dick Lukkien
46%
PEC Zwolle 2021-Current Dick Schreuder
44%
AZ Alkmaar / FC Twente / Feyenoord / SC Heerenveen / Heracles Almelo 2010-2013 Gertjan Verbeek
44%
AZ Alkmaar / Vitesse / FC Utrecht / ADO Den Haag 2014-2019 John van den Brom
43%
SC Heerenveen 1992-2004 Foppe de Haan
42%
Feyenoord / NEC Nijmegen 2009-2011 Mario Been
42%
FC Utrecht / FC Twente 2020-Current René Hake
40%
FC Twente / AFC Ajax / AZ Alkmaar 2011-2012 Co Adriaanse
39%
Feyenoord 2007-2008 Bert van Marwijk
38%
Sparta Rotterdam 2001-2002 Frank Rijkaard
38%
Heracles Almelo 2018-Current Frank Wormuth
35%
AFC Ajax / NAC Breda 2006-2007 Henk ten Cate
35%
Go Ahead Eagles 2021-Current Kees van Wonderen
35%
Vitesse 2016 Rob Maas
35%
FC Twente 2012-2013 Steve McClaren
35%
FC Groningen / NAC Breda / Go Ahead Eagles / VVV Venlo / Willem II 2012-2013 Robert Maaskant
33%
NAC Breda / RKC Waalwijk / Roda JC / ADO Den Haag / Heracles Almelo 2019 Ruud Brood
33%
NEC Nijmegen / Sparta Rotterdam / Excelsior 2011-2013 Alex Pastoor
32%
PSV Eindhoven / FC Groningen / NEC Nijmegen 2019-2020 Ernest Faber
32%
FC Groningen / Willem II 2013-2016 Erwin van de Looi
32%
Feyenoord 2004-2005 Ruud Gullit
32%
Vitesse 2020-Current Thomas Letsch
32%
FC Groningen / VVV Venlo / RBC Roosendaal 1998-2001 Jan van Dijk
31%
Willem II / RKC Waalwijk 2021-Current Fred Grim
29%
FC Twente 2010-2011 Michel Preud'homme
29%
AFC Ajax 2005-2006 Danny Blind
28%
RKC Waalwijk 2021-Current Joseph Oosting
28%
SC Heerenveen / Willem II 2016-2018 Jurgen Streppel
28%
Excelsior Rotterdam 2014-2015 Marinus Dijkhuizen
28%
NEC Nijmegen 2021-Current Rogier Meijer
26%
Fortuna Sittard 2020-Current Sjors Ultee
26%
FC Twente 2019-2020 Gonzalo García
25%
Willem II / AFC Ajax / RKC Waalwijk 2018-2021 Adrie Koster
24%
PEC Zwolle 2021 Art Langeler
22%
FC Utrecht / Sparta Rotterdam / Go Ahead Eagles 2002-2007 Foeke Booy
22%
VVV Venlo / Fortuna Sittard / Go Ahead Eagles 2019-2021 Hans de Koning
22%
PSV Eindhoven / Roda JC 2008-2009 Huub Stevens
22%
FC Utrecht 2011-2014 Jan Wouters
22%
FC Twente / PEC Zwolle 2001-2002 John van 't Schip
22%
NEC Nijmegen 2016-2017 Peter Hyballa
22%
Willem II / ADO Den Haag 2021 Željko Petrović
22%
ADO Den Haag 2019-2020 Alan Pardew
19%
SC Heerenveen / SC Cambuur / PSV Eindhoven / FC Groningen/ NEC Nijmegen 2014-2015 Dwight Lodeweges
19%
Fortuna Sittard 2020 Kevin Hofland
19%
FC Utrecht / Sparta Rotterdam 2007-2008 Willem van Hanegem
19%
Willem II 2009-2010 Alfons Groenendijk
18%
Excelsior Rotterdam / ADO Den Haag 2015-2016 Alfons Groenendijk
18%
De Graafschap 2004-2005 Gert Kruys
18%
Heracles Almelo / PEC Zwolle 2014-2018 John Stegeman
18%
Sparta Rotterdam 2010 Aad de Mos
15%
NAC Breda / FC Dordrecht 2006-2008 Ernie Brandts
15%
Vitesse 2019-2020 Edward Sturing
14%
PSV Eindhoven 1999-2002 Eric Gerets
14%
FC Utrecht / ADO Den Haag / Sparta Rotterdam / FC Volendam 2000-2002 Frans Adelaar
14%
NAC Breda / Excelsior 2018-2019 Mitchell van der Gaag
14%
Vitesse 2010-2011 Albert Ferrer
13%
Willem II 2007-2010 Andries Jonker
13%
De Graafschap / Roda JC 2010-2011 Darije Kalezić
13%
Roda JC 2008-2012 Harm van Veldhoven
13%
NAC Breda 2010-2012 John Karelse
13%
FC Groningen 2010-2012 Pieter Huistra
13%
Excelsior Rotterdam 2018-2019 Adrie Poldervaart
11%
NEC Nijmegen / NAC Breda 2004-2005 Cees Lok
11%
SC Heerenveen 2018-2019 Jan Olde Riekerink
11%
PSV Eindhoven / Roda JC 2008 Sef Vergoossen
11%
NAC Breda / VVV Venlo / Excelsior Rotterdam 2003-2005 Ton Lokhoff
11%
AZ Alkmaar / Excelsior/ De Graafschap 2000-2002 Henk van Stee
10%
Roda JC 2013-2014 Jon Dahl Tomasson
10%
VVV Venlo 2021 Jos Luhukay
10%
NAC Breda 2017-2018 Stijn Vreven
10%
NEC Nijmegen / Sparta Rotterdam / Roda JC / FC Den Bosch 2009-2011 Wiljan Vloet
10%
Roda JC 2016-2017 Yannis Anastasiou
10%
ADO Den Haag 2020 Aleksandar Ranković
8%
Sparta Rotterdam 2007 Gert Aandewiel
8%
Willem II / Heracles Almelo 2010-2011 Gert Heerkes
8%
VVV Venlo 2011 Glen De Boeck
8%
SC Heerenveen / Heracles / De Graafschap 2009-2010 Jan de Jonge
8%
De Graafschap 2015-2016 Jan Vreman
8%
Willem II / VVV Venlo / ADO Den Haag 2004 André Wetzel
7%
ADO Den Haag / Roda JC 2009-2010 Raymond Atteveld
7%
ADO Den Haag 2003 Rinus Israël
7%
FC Utrecht 2008-2011 Ton du Chatinier
7%
Sparta Rotterdam / RBC Roosendaal 2000-2001 Dolf Roks
6%
Vitesse / Willem II 2008 Hans Westerhof
6%
FC Twente 2006 Jan van Staa
6%
NEC Nijmegen 2000-2004 Johan Neeskens
6%
NAC Breda 2012-2014 Nebojša Gudelj
6%
Fortuna Sittard 2018-2019 René Eijer
6%
Roda JC 2017-2018 Robert Molenaar
6%
PEC Zwolle 2021 Bert Konterman
4%
SC Heerenveen 2010 Jan Everse
4%
Excelsior Rotterdam 2011-2012 John Lammers
4%
Vitesse 2018-2019 Leonid Slutskiy
4%
Feyenoord 2009 Leon Vlemmings
4%
Vitesse 2002-2003 Mike Snoei
4%
Willem II 2018 Reinier Robbemond
4%
FC Twente 2004-2006 Rini Coolen
4%
SC Heerenveen 2008-2009 Trond Sollied
4%
De Graafschap 2011-2012 Andries Ulderink
3%
RBC Roosendaal 2002-2003 Chris Dekker
3%
NAC Breda 2014 Eric Hellemons
3%
Fortuna Sittard 2000-2001 Frans Thijssen
3%
Fortuna Sittard 2001 Hans Verel
3%
ADO Den Haag 2006-2007 Lex Schoenmaker
3%
FC Utrecht 2014-2015 Rob Alflen
3%
VVV Venlo 2010-2011 Willy Boessen
3%
Willem II 2006-2007 Dennis van Wijk
1%
De Graafschap 2001-2002 Jurrie Koolhof
1%
Willem II / RKC Waalwijk 2002-2004 Mark Wotte
1%
PEC Zwolle 2002-2003 Peter Boeve
1%
Roda JC 2001-2002 Georges Leekens
0%
De Graafschap 2000-2001 Gerard Marsman
0%
FC Den Bosch / FC Volendam 2004-2005 Henk Wisman
0%
PEC Zwolle 2003-2004 Hennie Spijkerman
0%
Willem II 2005-2006 Kees Zwamborn
0%
FC Twente 2002-2004 René Vandereycken
0%
No matching quizzes found
Score Distribution
Percent of People with Each Score
Percentile by Number Answered
Your Score History
You have not taken this quiz since the last reset